00582nas a2200193 450000500170000000800410001701000140005802000260007203500130009803700150011104000180012608200060014410000210015024500550017126000480022627000640027430000230033865000270036120031220105415.0800211c19779999ii fr p 0 a0eng d aENG-92260 a9788182234062c150.00 aEN-75793 bDBAD / PUB adplbEnglish  aS aQureshi, Haider  aAnd I wait:cby Haider Qureshi b(short stories) / aDelhi bEducational Publishing House c2008 a3108, Vakil Street, Kucha Pandit, Lal Kuan,bDelhi e110006 a158p. c22cm (Hb)  aShort stories, English